| 000 | 00926nam a2200325Ia 4500 | ||
|---|---|---|---|
| 003 | OSt | ||
| 005 | 20220912150213.0 | ||
| 006 | a|||||r|||| 00| 0 | ||
| 007 | ta | ||
| 008 | 220909b |||||||| |||| 00| 0 eng d | ||
| 020 | _a9814035165 (pbk) | ||
| 024 | _a10958 | ||
| 037 | _bAshutosh, | ||
| 037 | _cTextual | ||
| 040 |
_aCSL _beng _cCSL |
||
| 041 | _aeng | ||
| 082 | _aD65,8(B)92Ja, N9 TD | ||
| 100 | _aLinden Peter Van Der | ||
| 245 | 0 | _aJust Java 2 | |
| 250 | _a4 | ||
| 260 |
_aSingapore _bAddison Wesley Longman Singapore Pvt. Ltd. _c1999 |
||
| 300 |
_axxi, 776p. _ccm. |
||
| 500 |
_aAppendix A-C, 705-761p; Index 762-776p. _ccm. |
||
| 650 | _a Computer programming language | ||
| 650 | _a Java language | ||
| 650 | _a Program language | ||
| 650 | _aComputer Science | ||
| 942 |
_hD65,8(B)92Ja, N9 TD _cTEXL _2CC |
||
| 999 |
_c41817 _d41817 |
||